[Event "EU-ch Seniors 09th"]
[Site "Rogaska Slatina"]
[Date "2009.07.25"]
[Round "4"]
[White "Azar, Pinchas"]
[Black "Sevenyuk, Alexey"]
[Result "1-0"]
[WhiteElo "2070"]
[BlackElo "1899"]
[PlyCount "82"]
[EventDate "2009.07.22"]
[EventType "swiss"]
[EventRounds "9"]
[EventCountry "SLO"]
[SourceTitle "CBM 131 Extra"]
[Source "ChessBase"]
[SourceDate "2009.09.03"]
[SourceVersion "2"]
[SourceVersionDate "2009.09.16"]
[SourceQuality "1"]

1. e4 c5 2. Nf3 d6 3. d4 cxd4 4. Nxd4 Nf6 5. Nc3 g6 6. Be3 Bg7 7. f3 Nc6 8. Bc4 Bd7 9. Qd2 0-0 10. 0-0-0 Rb8 11. Bb3 Na5 12. g4 b5 13. Qe2 e5 14. Ndxb5 Nxb3+ 15. cxb3 Bxb5 16. Nxb5 Qa5 17. Nc3 Rfc8 18. Kb1 Rc6 19. Rd3 Nd7 20. Rhd1 Bf8 21. Rd5 Nc5 22. h4 Qb4 23. h5 Nxb3 24. Rb5 Rxb5 25. Qxb5 Qxb5 26. Nxb5 Nc5 27. Nxa7 Ra6 28. Nb5 h6 29. Nc7 Rc6 30. Nd5 g5 31. Rc1 Rc8 32. Rc3 Rb8 33. b3 Kg7 34. Kc2 Ne6 35. a4 Nf4 36. Bxf4 exf4 37. b4 Kg8 38. b5 Ra8 39. Rc4 Bg7 40. Ne7+ Kh7 41. Nf5 Rd8 1-0

[Event "Andorra op 21st"]
[Site "Andorra"]
[Date "2003.07.07"]
[Round "3"]
[White "Azar, Pinchas"]
[Black "Vila Gazquez, Xavier"]
[Result "0-1"]
[WhiteElo "2110"]
[BlackElo "2246"]
[PlyCount "50"]
[EventDate "2003.07.05"]
[EventType "swiss"]
[EventRounds "9"]
[EventCountry "AND"]
[SourceTitle "CBM 095 Extra"]
[Source "ChessBase"]
[SourceDate "2003.09.04"]
[SourceVersion "1"]
[SourceVersionDate "2003.09.04"]
[SourceQuality "1"]

1. e4 c5 2. Nf3 g6 3. d4 cxd4 4. Nxd4 Nc6 5. Nxc6 bxc6 6. Qd4 Nf6 7. Nc3 d5 8. Bf4 Bg7 9. Be5 0-0 10. 0-0-0 e6 11. exd5 cxd5 12. Bb5 Bd7 13. Ba6 Bc6 14. Kb1 Ne8 15. Bxg7 Nxg7 16. Bd3 Re8 17. Rhe1 Qc7 18. f4 Rab8 19. g4 a5 20. Re3 Rb4 21. Qc5 Qb7 22. Ne2 Rxb2+ 23. Kc1 Rxa2 24. Nd4 Rc8 25. Bb5 Bxb5 0-1